00687nam a2200217 a 450000500170000000800410001701000140005802000230007202000260009503500130012103700150013404000180014908200110016710000190017824500940019726000400029127000480033130000270037950000410040670000220044720070209063634.0060905s2006 ii b b 001 0 eng  aENG-93445 a8188683744c680.00 a9788188683741c680.00 aEN-76978 bDBAD / PUB adplbEnglish  a305.42 aDhaka, Sunita  aBehind the veil:cby Sunita Dhaka [and] Rajvir S. Dhaka bdalit women in Panchayati Raj / aDelhi bAbhijeet Publicationsc2005 a2/46 Tukhmeerpur Extension bDelhi e110094 axvi, 327p.c22cm (Hb)  aIncludes bibliographical references  aDhaka, Rajvir S.